Normal view
MARC view
- اعداد يارا سمير محمد الغزو، دعاء محمد يوسف ربابعه؛ اشراف محمد علي بني يونس
Entry Personal Name
001 - CONTROL NUMBER
- control field: 58277
003 - CONTROL NUMBER IDENTIFIER
- control field: JO-AjAnu
005 - DATE AND TIME OF LATEST TRANSACTION
- control field: 20230606083534.0
008 - FIXED-LENGTH DATA ELEMENTS
- fixed length control field: 230606|| aca||aabn | a|a d
040 ## - CATALOGING SOURCE
- Original cataloging agency: JO-AjAnu
- Transcribing agency: JO-AjAnu
100 ## - HEADING--PERSONAL NAME
- Personal name: اعداد يارا سمير محمد الغزو، دعاء محمد يوسف ربابعه؛ اشراف محمد علي بني يونس
670 ## - SOURCE DATA FOUND
- Source citation: Work cat.: (JO-AjAnu)29730: اعداد يارا سمير محمد الغزو، دعاء محمد يوسف ربابعه؛ اشراف محمد علي بني يونس , author, تصميم (3D) لجامعة عجلون الوطنيه = 3D Design of the Ajloun National University